Online Catalogue and eLibrary

Ninaivup Peruveli: (Record no. 5739)

MARC details
000 -LEADER
fixed length control field 00489nam a2200157Ia 4500
005 - DATE AND TIME OF LATEST TRANSACTION
control field 20250306060234.0
008 - FIXED-LENGTH DATA ELEMENTS--GENERAL INFORMATION
fixed length control field 240331s9999 xx 000 0 und d
020 ## - INTERNATIONAL STANDARD BOOK NUMBER
ISBN 9789550811014
082 ## - DDC Classification
Item Number - Author Mark RAJ
DDC Edition Number 6702
Class No. 920
100 ## - MAIN ENTRY--PERSONAL NAME
Personal name Rajadurai, A
245 #0 - TITLE STATEMENT
Title Ninaivup Peruveli:
Remainder of title Oru Penn Pathirikkaiyalarin Manap Pathivukal
260 ## - PUBLICATION, DISTRIBUTION, ETC.
Place of publication, distribution, etc. Colombo,
Name of publisher, distributor, etc. Express Newspapers (Ceylon) (Private) Limited
Date of publication, distribution, etc. 2011
300 ## - PHYSICAL DESCRIPTION
Extent (e.g. Volumes, Pages etc.) 264 p.,
500 ## - GENERAL NOTE
General note The mental impressions of a female journalist.
942 ## - Koha item type (Biblio)
Koha item type Books in Stacks (Lending)
Holdings
Lost status Damaged status Collection code Home library Current library Shelving location Date acquired Full call number Accession Number Item type
    Lending WERC Library WERC Library Social Science Cupboard 03/31/2024 920 RAJ 6702 Books in Stacks (Lending)

© WERC Library